Observations by the managers of the New Town Dispensary : on the report to the quarterly meeting of managers of the public dispensary, 7th August 1817.

Bibliographic Details
Corporate Author: New Town Dispensary (Edinburgh, Scotland)
Format: eBook
Language:English
Published: Edinburgh : [publisher not identified], 1817.
Series:Making of the modern world (Goldsmiths'-Kress Library of Economic Literature)
Subjects:
Online Access:Connect to the full text of this electronic book

MARC

Tag First Indicator Second Indicator Subfields
LEADER 00000cam a2200000Ia 4500
001 in00002254113
005 20190326184856.0
006 m | d |
007 cr |n||||||||n
008 870917s1817 stk sb 000 0 eng d
040 |a NYG  |c GKR  |d OCL  |d Thomson Gale  |d UtOrBLW 
043 |a e-uk-st 
110 2 |a New Town Dispensary (Edinburgh, Scotland) 
245 1 0 |a Observations by the managers of the New Town Dispensary :  |b on the report to the quarterly meeting of managers of the public dispensary, 7th August 1817. 
264 1 |a Edinburgh :  |b [publisher not identified],  |c 1817. 
300 |a 24 pages 
336 |a text  |b txt  |2 rdacontent 
337 |a computer  |b c  |2 rdamedia 
338 |a online resource  |b cr  |2 rdacarrier 
500 |a Reproduction of original from Goldsmiths' Library, University of London. 
500 |a Goldsmiths'-Kress number 21914. 
504 |a Includes bibliographical references. 
510 4 |a OCLC,  |c 16704013 
533 |a Electronic reproduction.  |b Farmington Hills, Mich. :  |c Thomson Gale,  |d 2005.  |f (The making of the modern world).  |n Available via the World Wide Web.  |n Access limited to licensing agreements.  |7 s2005 miunns 
500 |a Electronic resource. 
610 2 0 |a New Town Dispensary (Edinburgh, Scotland) 
650 0 |a Poor  |x Medical care  |z Scotland  |z Edinburgh. 
655 0 |a Electronic books. 
830 0 |a Making of the modern world (Goldsmiths'-Kress Library of Economic Literature) 
856 4 0 |u http://proxy.library.tamu.edu/login?url=http://galenet.galegroup.com/servlet/MOME?af=RN&ae=U103383074&srchtp=a&ste=14&locID=txshracd2898  |z Connect to the full text of this electronic book  |t 0 
999 |a MARS 
999 f f |s 78102435-dc1c-391c-898b-b90c7b4d6a45  |i ac7b3c9e-4171-3722-be46-621032095e44  |t 0 
952 f f |a Texas A&M University  |b College Station  |c Electronic Resources  |d Available Online  |t 0  |h No information provided 
998 f f |t 0  |l Available Online